000
00483nam a2200145Ia 4500
008
100204s9999 xx 000 0 und d
082
_b
20021
100
_a
गर्दे उन्मेष वसंत
245
_a
लॉर्ड साहेब
260
_b
स्पर्श प्रकाशन . रत्नागिरी
_c
1994
300
_a
96
630
_a
लॉर्ड साहेब
730
_a
लॉर्ड साहेब
942
_c
BOOK
999
_c
464443
_d
464440